00296nam a2200085Ia 4500100002200000245007200022260006300094300001300157504004000170 aDawn, Suman Kumar 0aEcotourism and environmental sustainability: a study on West Bengal c2013bIndian Council of Social Science Research, New Delhi axxv,352p aincludes bibliography and appendies